000 00853cam a2200241 a 4500
001 BD-DhSAU 6596
003 BD-DhSAU
005 20150510121924.0
008 970228s1996 enkab rb 001 0 eng d
020 _a0851989977
040 _aBD-DhSAU
082 0 0 _a633.180725
_222
_bRIC
245 0 0 _aRice research in Asia :
_bprogress and priorities /
_cedited by R.E. Evenson, R.W. Herdt, and M. Hossain.
260 _aWallingford, UK :
_bCAB International in association with the International Rice Research Institute,
_cc1996.
300 _axi, 418 p. :
_bill., map ;
_c25 cm.
504 _aIncludes bibliographical references and index.
590 _ajoy
650 0 _aRice
_xResearch
_zAsia.
650 0 _aAgronomy.
700 1 _aEvenson, Robert E.
_q(Robert Eugene),
_d1934-
700 1 _aHerdt, Robert W.,
_d1939-
700 1 _aHossain, Mahabub,
_d1945-
942 _2ddc
_cBOOK
999 _c6596
_d6596